000 00801nam a22001697a 4500
003 UA-OsUOA
001 12315
007 ta
008 20050504b un ||||| |||| 00| 0 ukr d
942 _cSA
040 _aUA-OsUOA
_cUA-OsUOA
_dUA-OsUOA
245 _aКадрові призначення
_b[Призначено першого заст. начальника Упр. МВС України в Рівнен. обл., голов. лікаря Рівнен. обл. ендокринолог. диспансеру, заст. начальника голов. фінанс. упр. облдержадмін. ]
300 _aС.1
955 _a0
773 0 _w0
_tВісті Рівненщини
_dРівне
_d2005
_g№32/27 квіт./
650 7 _aОбласна державна адміністрація
_2UDC
999 _c298476
_d298476